|
|
|
|
| LEADER |
00000nam a2200000 a 4500 |
| 001 |
vtls010573489 |
| 003 |
SK-MaSNL |
| 005 |
20260301090408.0 |
| 008 |
140131s2014 gw g e 001 0dger |
| 020 |
|
|
|a 9783110304282 (viaz.)
|
| 040 |
|
|
|a SNK
|b slo
|c SNK
|e AACR2
|
| 041 |
0 |
|
|a ger
|
| 044 |
|
|
|a gw
|c DE
|a xxu
|c US
|
| 072 |
|
7 |
|a 72/76
|x Výtvarné umenie
|2 konspekt
|
| 072 |
|
7 |
|a 929
|x Biografie
|2 konspekt
|
| 080 |
|
|
|a 72/76.071.1
|2 2001
|
| 080 |
|
|
|a (100)
|2 2001
|
| 080 |
|
|
|a (031)929
|2 2001
|
| 080 |
|
|
|a 72/76.071.1-055.2
|2 1981
|
| 245 |
0 |
0 |
|a De Gruyter allgemeines Künstlerlexikon
|b die Bildenden Künstler alller Zeiten und Völker : Register zu den Bänden 71-80
|n Teil 1
|p Länder
|c [herausgegeben von Andreas Beyer, Bénédicte Savoy und Wolf Tegethoff]
|
| 246 |
3 |
|
|a Allgemeines Künstlerlexikon
|
| 246 |
3 |
0 |
|a Länder
|
| 246 |
3 |
0 |
|a Die Bildenden Künstler alller Zeiten und Völker
|
| 260 |
|
|
|a Berlin
|a Boston
|b de Gruyter
|c c2014
|
| 300 |
|
|
|a viii, 301 s.
|c 25 cm
|
| 650 |
0 |
7 |
|a výtvarníci
|2 SNKPH
|9 118705
|
| 650 |
0 |
7 |
|a výtvarníčky
|2 SNKPH
|9 31075
|
| 650 |
0 |
7 |
|a Artists
|2 SNKPHeng
|9 265151
|
| 650 |
0 |
7 |
|a Women artists
|2 SNKPHeng
|9 323731
|
| 651 |
|
7 |
|a Countries of the world
|2 SNKPHeng
|9 266838
|
| 651 |
|
7 |
|a krajiny sveta
|2 SNKPH
|9 253334
|
| 655 |
|
7 |
|a biografické slovníky
|2 SNKPH
|9 51960
|
| 655 |
|
7 |
|a registre
|2 SNKPH
|9 70556
|
| 655 |
|
7 |
|a Biographical dictionaries
|2 SNKPHeng
|9 278210
|
| 655 |
|
7 |
|a Indexes
|2 SNKPHeng
|9 313156
|
| 700 |
1 |
|
|a Beyer, Andreas,
|d 1957-
|4 edt
|9 157015
|
| 700 |
1 |
|
|a Savoy, Bénédicte,
|d 1972-
|4 edt
|9 157016
|
| 700 |
1 |
|
|a Tegethoff, Wolf,
|d 1953-
|4 edt
|9 157017
|
| 919 |
|
|
|a 978-3-11-030428-2
|
| 999 |
|
|
|c 668060
|d 669990
|
| 952 |
|
|
|t snkALL/71-80/1 7(031)
|a SNKUST
|b SNKUST
|y PREZ
|7 0
|p 17A1094850
|o snkIC 122948/reg.71-80/1
|i snk2014/3706
|8 4
|g 252.48
|0 0
|1 0
|4 0
|d 2014-01-31
|l 0
|r 2025-05-30 00:00:00
|w 2026-02-23
|